Dear Bronx Zoo / (Record no. 11795)

000 -LEADER
fixed length control field 00544cam a2200205 a 4500
020 ## - INTERNATIONAL STANDARD BOOK NUMBER
ISBN 0027006409 :
040 ## - CATALOGING SOURCE
Transcribing agency DLC
082 00 - DEWEY DECIMAL CLASSIFICATION NUMBER
Classification number 590 MAC 1990 A032 Or.
100 1# - MAIN ENTRY--AUTHOR NAME
Personal name Altman, Joyce.
245 10 - TITLE STATEMENT
Title Dear Bronx Zoo /
250 ## - EDITION STATEMENT
Edition statement 1st ed.
260 ## - PUBLICATION, DISTRIBUTION, ETC. (IMPRINT)
Place of publication New York :
Name of publisher Macmillan,
Year of publication c1990.
300 ## - PHYSICAL DESCRIPTION
Number of Pages 156 p. :
Other physical details ill. ;
Dimensions 24 cm.
520 ## - SUMMARY, ETC.
Summary, etc Describes the activities at the Bronx Zoo and introduces the animals on display.
650 #0 - SUBJECT ADDED ENTRY--TOPICAL TERM
Topical Term Zoo animals
650 #1 - SUBJECT ADDED ENTRY--TOPICAL TERM
Topical Term Zoos.
650 #1 - SUBJECT ADDED ENTRY--TOPICAL TERM
Topical Term Zoo animals.
700 1# - ADDED ENTRY--PERSONAL NAME
Personal name Goldberg, Sue.
942 ## - ADDED ENTRY ELEMENTS (KOHA)
Koha item type សៀវភៅភាសាអង់គ្លេស
952 ## - LOCATION AND ITEM INFORMATION (KOHA)
Withdrawn status [LOCAL, KOHA] 0
952 ## - LOCATION AND ITEM INFORMATION (KOHA)
Withdrawn status [LOCAL, KOHA] 0
952 ## - LOCATION AND ITEM INFORMATION (KOHA)
Withdrawn status [LOCAL, KOHA] 0
952 ## - LOCATION AND ITEM INFORMATION (KOHA)
Withdrawn status [LOCAL, KOHA] 0
952 ## - LOCATION AND ITEM INFORMATION (KOHA)
Withdrawn status [LOCAL, KOHA] 0
Holdings
Koha item type Barcode Lost status Permanent Location Current Location Date acquired Full call number
សៀវភៅភាសាអង់គ្លេសA14047 Library Block ALibrary Block A2017-08-07590 MAC 1990 A032 Or.
សៀវភៅភាសាអង់គ្លេសA14084 Library Block ALibrary Block A2017-08-07590 MAC 1990 A032 Or.
សៀវភៅភាសាអង់គ្លេសA13915 Library Block ALibrary Block A2017-08-07590 MAC 1990 A032 Or.
សៀវភៅភាសាអង់គ្លេសA14012 Library Block ALibrary Block A2017-08-07590 MAC 1990 A032 Or.
សៀវភៅភាសាអង់គ្លេសA13749 Library Block ALibrary Block A2017-08-07590 MAC 1990 A032 Or.
មជ្ឈមណ្ឌលឯការនៃសាកលវិទ្យាល័យភូមិន្ទកសិកម្មចំការដូង

Powered by Koha